| 000 | 00365nam a2200157Ia 4500 | ||
|---|---|---|---|
| 008 | 230312s9999||||xx |||||||||||||| ||und|| | ||
| 020 | _a0-14-027201-1 | ||
| 082 |
_a629.454 _bCHA-M |
||
| 100 | _aChaikin;Andrew | ||
| 245 | 0 | _aMan on the Moon | |
| 260 |
_bPenguin Books _aUSA _c1998 |
||
| 300 | _a670 | ||
| 546 | _aEng. | ||
| 650 |
_aLiterature _vNovel |
||
| 942 | _cBK | ||
| 999 |
_c8346 _d8346 |
||